| 000 | 00358 a2200169 4500 | ||
|---|---|---|---|
| 001 | 180736 | ||
| 020 | _a85-216-0864-4 | ||
| 040 | _cMagnum | ||
| 100 | _aAyala, Walmir | ||
| 240 | 1 | 0 |
_aOrelhas de burro _lpor |
| 245 | 1 | 0 | _aOrelhas de burro |
| 300 | _a16 | ||
| 362 | 0 | _a1991 | |
| 440 | 1 | _aAo Livro Técnico | |
| 697 | _aLITERATURA INFANTO | ||
| 942 | _cBK | ||
| 999 |
_c180736 _d180736 |
||